000 01119nam a2200325 i 4500
001 768714001
003 CO-MdFUSB
005 20210225161531.0
007 ta
008 200623t1985 ck |||| |||| 00| 0 spa d
020 _a[No incluye ISBN]
040 _aCO-MdFUSB
_bspa
_cCO-MdFUSB
_dCO-MdFUSBC
_erda
041 _aspa
082 _223
_a190.904
_bS161
100 _aSalazar Ramos, Roberto J.
_eautor
245 _aFilosofía contemporánea :
_besbozos y textos
_c/ Roberto J. Salazar Ramos
264 1 _aBogotá, Colombia :
_bUniversidad Santo Tomás de Aquino,
_c[1985]
264 4 _c© 1985
300 _a227 pàginas ;
_bilustraciones
_c; 22 cm
336 _2rdacontent
_atexto
_btxt
337 _2rdamedia
_asin mediación
_bn
338 _2rdacarrier
_avolumen
_bnc
490 _aFilosofía a distancia.
504 _aIncluye referencias bibliográficas
505 _aCaracterísticas de la filosofía en el siglo XIX. -- Características de la filosofía en la primera mitad del siglo XX.
563 _aRústico
650 0 _91051
_aFilosofía moderna
_ySiglo XX
942 _cBK
945 _aJTF-925
999 _c66246
_d66246